000 00327nam a22001457a 4500
999 _c528433
_d528433
003 NUST
038 _aMS
082 _a0
100 _aAsphalt Institute
_913181
245 _aFor Ashphalt Concrete and other Hot Mixture..\
250 _a6th
260 _aUSA
_bAsphalt Institute
300 _a141,P;
_c25cm
942 _2ddc
_cBK